हिन्दी - उर्दू उपन्यास शिल्प बदलते परिप्रेक्ष्य (Record no. 1009961)

MARC details
000 -LEADER
fixed length control field 00922nam a2200253Ia 4500
003 - CONTROL NUMBER IDENTIFIER
control field OSt
005 - DATE AND TIME OF LATEST TRANSACTION
control field 20221005103353.0
008 - FIXED-LENGTH DATA ELEMENTS--GENERAL INFORMATION
fixed length control field 221004b |||||||| |||| 00| 0 hin d
037 ## - SOURCE OF ACQUISITION
Terms of availability Textual
040 ## - CATALOGING SOURCE
Original cataloging agency CRL
Transcribing agency CRL
Language of cataloging hin
041 ## - LANGUAGE CODE
Source of code hin
Language code of text/sound track or separate title hin
100 ## - MAIN ENTRY--PERSONAL NAME
Personal name भटनागर, प्रेम
245 #0 - TITLE STATEMENT
Title हिन्दी - उर्दू उपन्यास शिल्प बदलते परिप्रेक्ष्य
246 ## - VARYING FORM OF TITLE
Title proper/short title Hindī - urdū upanyās shilpa badalate pariprekṣhya
260 ## - PUBLICATION, DISTRIBUTION, ETC.
Place of publication, distribution, etc. जयपुर
Name of publisher, distributor, etc. अर्चना प्रकाशन भारत
Date of publication, distribution, etc. 1996
490 ## - SERIES STATEMENT
Volume/sequential designation भाग 1
650 ## - SUBJECT ADDED ENTRY--TOPICAL TERM
Topical term or geographic name entry element हिन्दी साहित्य
942 ## - ADDED ENTRY ELEMENTS (KOHA)
Classification part O1520m68,3:g, N6
Koha item type Textual
Source of classification or shelving scheme
Holdings
Withdrawn status Lost status Damaged status Not for loan Home library Current library Date acquired Serial Enumeration / chronology Total Checkouts Full call number Barcode Date last seen Price effective from Koha item type
        Central Library Central Library 2022-10-05 भाग 1   O1520m68,3:g N6 AL1206394 2022-10-05 2022-10-05 Textual
Copyright @ Delhi University Library System